[Event "DEN-chT 2324 61st"]
[Site "Denmark"]
[Date "2023.11.26"]
[Round "3.1"]
[White "Pantzar, Milton"]
[Black "Mikkelsen, Nikolaj"]
[Result "1/2-1/2"]
[WhiteElo "2453"]
[BlackElo "2485"]
[PlyCount "78"]
[EventDate "2023.10.28"]
[EventType "team-tourn"]
[EventRounds "9"]
[EventCountry "DEN"]
[SourceTitle "CB11_2024"]
[SourceDate "2024.03.13"]
[SourceVersion "1"]
[SourceVersionDate "2024.03.13"]
[SourceQuality "1"]
[WhiteTeam "Koge"]
[BlackTeam "BMS"]
[WhiteTeamCountry "DEN"]
[BlackTeamCountry "DEN"]

1. d4 d5 2. c4 e6 3. Nf3 a6 4. cxd5 exd5 5. Nc3 Nf6 6. Bg5 Be6 7. e3 Nbd7 8. Bd3 c6 9. h3 Bd6 10. Bf4 Qc7 11. Bxd6 Qxd6 12. 0-0 0-0 13. Qc2 g6 14. Rfe1 Qe7 15. Rac1 Nb6 16. Ne5 Nc8 17. Na4 Nd6 18. Nc5 Bf5 19. Bxf5 Nxf5 20. b4 Rfe8 21. a4 Rac8 22. Qb2 Nd6 23. f3 Qd8 24. a5 Rc7 25. g4 Kg7 26. Qh2 Ng8 27. Rc2 f6 28. Ncd3 Rce7 29. Rce2 Nh6 30. Nf4 Nb5 31. Rd2 Nf7 32. Qg2 Qd6 33. Qf2 Kg8 34. Kg2 Qc7 35. Rde2 Qd6 36. Nfd3 Ng5 37. Nf4 Nc3 38. Rc2 Nb5 39. Rce2 Nc3 1/2-1/2

[Event "Copenhagen CC GM"]
[Site "Ballerup"]
[Date "2023.08.27"]
[Round "9"]
[White "Mikkelsen, Nikolaj"]
[Black "Olsen, Filip Boe"]
[Result "1/2-1/2"]
[WhiteElo "2480"]
[BlackElo "2421"]
[PlyCount "64"]
[EventDate "2023.08.23"]
[EventType "tourn"]
[EventRounds "9"]
[EventCountry "DEN"]
[EventCategory "6"]
[SourceTitle "CBM 215 Extra"]
[Source "ChessBase"]
[SourceDate "2023.09.30"]
[SourceVersion "1"]
[SourceVersionDate "2023.09.30"]
[SourceQuality "1"]

1. e4 c5 2. Nf3 d6 3. Bb5+ Bd7 4. Bxd7+ Qxd7 5. c4 e5 6. Nc3 Nc6 7. Nd5 Be7 8. d3 Bd8 9. 0-0 Nge7 10. Rb1 0-0 11. a3 f5 12. Nxe7+ Bxe7 13. exf5 Rxf5 14. Be3 Raf8 15. Nd2 Bg5 16. Qe2 Bxe3 17. fxe3 Rxf1+ 18. Rxf1 Rxf1+ 19. Qxf1 Qf7 20. Ne4 Qg6 21. Qf3 h6 22. h3 Qe6 23. Nc3 a6 24. Kf2 Qf7 25. Ne4 Qe6 26. Ke2 Ne7 27. Nc3 Qd7 28. Kd2 Qc7 29. Kc2 Qd7 30. Kd2 Qc7 31. Qg4 Qc8 32. Qf3 Qc7 1/2-1/2

[Event "DEN-chT 1819 57th"]
[Site "Denmark"]
[Date "2019.03.16"]
[Round "8.4"]
[White "Mikkelsen, Nikolaj"]
[Black "Teplyi, Igor"]
[Result "1/2-1/2"]
[WhiteElo "2458"]
[BlackElo "2404"]
[PlyCount "36"]
[EventDate "2018.10.27"]
[EventType "team-tourn"]
[EventRounds "9"]
[EventCountry "DEN"]
[SourceTitle "CBM 189 Extra"]
[Source "ChessBase"]
[SourceDate "2019.06.03"]
[SourceVersion "1"]
[SourceVersionDate "2019.06.03"]
[SourceQuality "1"]
[WhiteTeam "BMS"]
[BlackTeam "Copenhagen 68"]
[WhiteTeamCountry "DEN"]
[BlackTeamCountry "DEN"]

1. e4 c5 2. Nf3 d6 3. Bb5+ Nd7 4. 0-0 a6 5. Bd3 Ngf6 6. Qe2 g6 7. c3 Bh6 8. Bc2 0-0 9. d4 Bxc1 10. Rxc1 e5 11. Nbd2 cxd4 12. cxd4 exd4 13. Qc4 Ne5 14. Qxd4 Qe7 15. Bb3 Bg4 16. Nxe5 dxe5 17. Qc5 Qxc5 18. Rxc5 Rad8 1/2-1/2

[Event "Olympiad-43"]
[Site "Batumi"]
[Date "2018.10.02"]
[Round "8.3"]
[White "Mikkelsen, Nikolaj"]
[Black "Studer, Noel"]
[Result "0-1"]
[WhiteElo "2467"]
[BlackElo "2484"]
[PlyCount "74"]
[EventDate "2018.09.24"]
[EventType "team-swiss"]
[EventRounds "11"]
[EventCountry "GEO"]
[SourceTitle "CBM 187"]
[Source "ChessBase"]
[SourceDate "2018.12.11"]
[SourceVersion "1"]
[SourceVersionDate "2018.12.11"]
[SourceQuality "1"]
[WhiteTeam "Denmark"]
[BlackTeam "Switzerland"]
[WhiteTeamCountry "DEN"]
[BlackTeamCountry "SUI"]

1. e4 e6 2. d4 d5 3. Nd2 c5 4. exd5 Qxd5 5. Ngf3 cxd4 6. Bc4 Qd7 7. 0-0 Nc6 8. Qe2 a6 9. a4 Nf6 10. Nb3 Bd6 11. Rd1 e5 12. Nbxd4 Nxd4 13. Rxd4 Qe7 14. Rxd6 Qxd6 15. b3 e4 16. Ba3 Qf4 17. Qe1 Be6 18. g3 Qxf3 19. Be2 Qf5 20. Rd1 Rd8 21. Qb4 Rxd1+ 22. Bxd1 Nd5 23. Qxb7 Bc8 24. Qc6+ Qd7 25. Qc5 Bb7 26. c4 Ne7 27. Bg4 f5 28. Bh5+ g6 29. Qe5 Rg8 30. Be2 Kf7 31. Bb2 Qe6 32. Qc3 e3 33. f3 g5 34. Bc1 f4 35. g4 h5 36. h3 hxg4 37. hxg4 Rg7 0-1

[Event "DEN-chT 1617 55th"]
[Site "Denmark"]
[Date "2017.01.29"]
[Round "6.3"]
[White "Mikkelsen, Nikolaj"]
[Black "Aabling Thomsen, Jakob"]
[Result "1-0"]
[WhiteElo "2463"]
[BlackElo "2380"]
[PlyCount "89"]
[EventDate "2016.10.29"]
[EventType "team-tourn"]
[EventRounds "9"]
[EventCountry "DEN"]
[SourceTitle "EXT 2018"]
[Source "ChessBase"]
[SourceDate "2017.10.13"]
[SourceVersion "1"]
[SourceVersionDate "2017.10.13"]
[SourceQuality "1"]
[WhiteTeam "Philidor"]
[BlackTeam "Bronshoj"]
[WhiteTeamCountry "DEN"]
[BlackTeamCountry "DEN"]

1. e4 c5 2. Nf3 e6 3. g3 Nc6 4. Bg2 Nf6 5. Qe2 d5 6. exd5 Nxd5 7. 0-0 Be7 8. Rd1 0-0 9. d4 cxd4 10. Nxd4 Nxd4 11. Rxd4 Bf6 12. Rd1 Qc7 13. c4 Nb6 14. Nd2 Rd8 15. Ne4 Rxd1+ 16. Qxd1 Be7 17. b3 Bd7 18. Bd2 Bc6 19. Ba5 Qe5 20. Bc3 Qf5 21. Nd6 Bxd6 22. Qxd6 Bxg2 23. Kxg2 Qe4+ 24. Kg1 Re8 25. Rd1 h6 26. Bd4 Qc6 27. Qxc6 bxc6 28. Bc5 Rc8 29. a4 Rc7 30. Rd8+ Kh7 31. a5 Nc8 32. a6 Kg6 33. Kg2 f6 34. f4 Kf7 35. Rf8+ Kg6 36. Kf3 h5 37. Ke4 Ne7 38. Ra8 Nc8 39. Rb8 Nb6 40. Bxb6 axb6 41. Rxb6 Rc8 42. b4 h4 43. gxh4 Kh5 44. a7 Ra8 45. Ra6 1-0

[Event "Runavik op"]
[Site "Runavik"]
[Date "2016.11.26"]
[Round "8"]
[White "Mikkelsen, Nikolaj"]
[Black "Kjartansson, Gudmundur"]
[Result "1/2-1/2"]
[WhiteElo "2466"]
[BlackElo "2438"]
[PlyCount "141"]
[EventDate "2016.11.21"]
[EventType "swiss"]
[EventRounds "9"]
[EventCountry "FAI"]
[SourceTitle "CBM 175 Extra"]
[Source "ChessBase"]
[SourceDate "2016.12.12"]
[SourceVersion "1"]
[SourceVersionDate "2016.12.12"]
[SourceQuality "1"]

1. e4 c6 2. d4 d5 3. Nc3 dxe4 4. Nxe4 Bf5 5. Ng3 Bg6 6. h4 h6 7. Nf3 Nd7 8. h5 Bh7 9. Bd3 Bxd3 10. Qxd3 e6 11. Bd2 Ngf6 12. 0-0-0 Be7 13. Kb1 0-0 14. Ne4 Nxe4 15. Qxe4 Nf6 16. Qe2 Qd5 17. Be3 Ng4 18. Bc1 Rad8 19. Ne5 Nxe5 20. dxe5 Qa5 21. g4 Rxd1 22. Rxd1 Rd8 23. Re1 Qb5 24. Qxb5 cxb5 25. Be3 b6 26. Kc1 f6 27. exf6 Bxf6 28. c3 Rc8 29. a3 Rc4 30. f3 Kf7 31. Kc2 e5 32. Bd2 Kf8 33. Kd3 Kf7 34. Re4 Rc5 35. Be3 Rd5+ 36. Ke2 Rd7 37. Rb4 Rd5 38. a4 bxa4 39. Rxa4 Rd7 40. Ra2 Ke6 41. c4 Be7 42. Ra6 Kf7 43. Ra4 Bg5 44. Bxg5 hxg5 45. Ke3 Ke6 46. b4 Rc7 47. c5 bxc5 48. bxc5 Kd5 49. Ra5 Re7 50. Kd3 Rf7 51. c6+ Kxc6 52. Ke4 Kb6 53. Rxe5 a5 54. Rxg5 a4 55. Rd5 a3 56. Rd1 a2 57. Ra1 Ra7 58. Kf5 Kc7 59. Kg6 Kd8 60. g5 Ke8 61. Rxa2 Rxa2 62. Kxg7 Ra7+ 63. Kg8 Ke7 64. h6 Ke6 65. h7 Kf5 66. h8Q Ra8+ 67. Kh7 Rxh8+ 68. Kxh8 Kxg5 69. Kg7 Kf4 70. Kf6 Kxf3 71. Ke5 1/2-1/2

[Event "Runavik op"]
[Site "Runavik"]
[Date "2016.11.26"]
[Round "7"]
[White "Mikkelsen, Nikolaj"]
[Black "Thorhallsson, Throstur"]
[Result "1-0"]
[WhiteElo "2466"]
[BlackElo "2417"]
[PlyCount "114"]
[EventDate "2016.11.21"]
[EventType "swiss"]
[EventRounds "9"]
[EventCountry "FAI"]
[SourceTitle "CBM 175 Extra"]
[Source "ChessBase"]
[SourceDate "2016.12.12"]
[SourceVersion "1"]
[SourceVersionDate "2016.12.12"]
[SourceQuality "1"]

1. e4 c5 2. Nf3 e6 3. g3 Nc6 4. Bg2 d6 5. 0-0 Nf6 6. Re1 Be7 7. c3 0-0 8. d4 cxd4 9. cxd4 d5 10. e5 Ne4 11. Nbd2 Nxd2 12. Bxd2 Qb6 13. Bc3 Bd7 14. Qd2 Rfc8 15. h4 a5 16. h5 a4 17. h6 g6 18. Nh2 Qd8 19. Ng4 Bg5 20. Qd3 Kh8 21. Bf1 Qf8 22. Bd2 Be7 23. a3 Ra6 24. Qe3 Rb6 25. Bc3 Rb3 26. Bd3 Na7 27. Rec1 Nb5 28. Bb4 Rc4 29. Rc3 Rcxb4 30. axb4 Nxc3 31. Bc2 Nd1 32. Qe2 Rxb2 33. Qxd1 b5 34. Bd3 Rxb4 35. Rc1 Rc4 36. Bxc4 dxc4 37. Qf3 a3 38. Nf6 Bxf6 39. exf6 Kg8 40. Qb7 Qc8 41. Qxc8+ Bxc8 42. Rc3 a2 43. Ra3 Bb7 44. Rxa2 c3 45. Kh2 Kf8 46. Ra7 Bd5 47. Rc7 Ke8 48. Rxc3 b4 49. Rc5 Kd7 50. Rb5 b3 51. f4 Kd6 52. Rb4 g5 53. Kh3 gxf4 54. gxf4 Be4 55. Rxb3 Bg6 56. Rg3 Bf5+ 57. Kh4 Kd5 1-0

[Event "Runavik op"]
[Site "Runavik"]
[Date "2016.11.21"]
[Round "1"]
[White "Mikkelsen, Nikolaj"]
[Black "Berg, Margar"]
[Result "1-0"]
[WhiteElo "2466"]
[BlackElo "1789"]
[PlyCount "81"]
[EventDate "2016.11.21"]
[EventType "swiss"]
[EventRounds "9"]
[EventCountry "FAI"]
[SourceTitle "CBM 175 Extra"]
[Source "ChessBase"]
[SourceDate "2016.12.12"]
[SourceVersion "1"]
[SourceVersionDate "2016.12.12"]
[SourceQuality "1"]

1. e4 c5 2. Nf3 d6 3. Bb5+ Nc6 4. 0-0 e6 5. Bxc6+ bxc6 6. e5 Qc7 7. exd6 Bxd6 8. b3 e5 9. Bb2 Bg4 10. h3 Bh5 11. g4 Bg6 12. Nxe5 0-0-0 13. Re1 Nf6 14. Na3 Nd5 15. Qf3 f6 16. Nec4 Bh2+ 17. Kf1 Nb4 18. Bc3 Kb8 19. d4 h5 20. dxc5 hxg4 21. hxg4 Nxc2 22. Ba5 Qd7 23. Nxc2 Bd3+ 24. Kg2 Bc7 25. Bxc7+ Qxc7 26. Qg3 Bxc2 27. Re7 Qxg3+ 28. Kxg3 g5 29. Nd6 Rh7 30. Rae1 Rdh8 31. Rxh7 Rxh7 32. Re8+ Kc7 33. Ra8 Kd7 34. Rxa7+ Ke6 35. Rxh7 Bxh7 36. b4 Kd5 37. a3 Kd4 38. f4 Kc3 39. b5 cxb5 40. c6 Bg8 41. f5 1-0

[Event "DEN-chT 1617 55th"]
[Site "Denmark"]
[Date "2016.11.20"]
[Round "3.2"]
[White "Skytte, Rasmus"]
[Black "Mikkelsen, Nikolaj"]
[Result "1/2-1/2"]
[WhiteElo "2398"]
[BlackElo "2463"]
[PlyCount "76"]
[EventDate "2016.10.29"]
[EventType "team-tourn"]
[EventRounds "9"]
[EventCountry "DEN"]
[SourceTitle "CBM 175 Extra"]
[Source "ChessBase"]
[SourceDate "2016.12.12"]
[SourceVersion "1"]
[SourceVersionDate "2016.12.12"]
[SourceQuality "1"]
[WhiteTeam "Aarhus/Skolerne"]
[BlackTeam "Philidor"]
[WhiteTeamCountry "DEN"]
[BlackTeamCountry "DEN"]

1. d4 Nf6 2. Nf3 g6 3. Nbd2 Bg7 4. e4 d6 5. Bc4 0-0 6. 0-0 c6 7. Bb3 Nbd7 8. Re1 Nh5 9. c3 c5 10. a4 cxd4 11. cxd4 Nb8 12. h3 Nc6 13. Nc4 Nf6 14. e5 dxe5 15. Ncxe5 Nb4 16. Ng5 Nbd5 17. Qf3 e6 18. Ne4 Nxe4 19. Qxe4 b6 20. Nc6 Qd7 21. Bxd5 exd5 22. Qxd5 Qxd5 23. Ne7+ Kh8 24. Nxd5 Bxd4 25. Nc7 Rb8 26. Nb5 Bg7 27. Nxa7 Bf5 28. Nb5 Rbe8 29. Rxe8 Rxe8 30. Be3 Bxb2 31. Ra2 Be5 32. Bxb6 Rc8 33. Be3 Be6 34. Re2 Rc4 35. Bg5 Bg7 36. Rd2 h6 37. Be3 Rxa4 38. Bd4 Rb4 1/2-1/2

[Event "DEN-ch"]
[Site "Svendborg"]
[Date "2016.03.20"]
[Round "2"]
[White "Antonsen, Mikkel"]
[Black "Mikkelsen, Nikolaj"]
[Result "1-0"]
[WhiteElo "2458"]
[BlackElo "2473"]
[PlyCount "173"]
[EventDate "2016.03.19"]
[EventType "tourn"]
[EventRounds "9"]
[EventCountry "DEN"]
[EventCategory "10"]
[SourceTitle "CBM 171 Extra"]
[Source "ChessBase"]
[SourceDate "2016.04.26"]
[SourceVersion "1"]
[SourceVersionDate "2016.04.26"]
[SourceQuality "1"]

1. d4 Nf6 2. c4 g6 3. f3 Bg7 4. e4 d6 5. Ne2 0-0 6. Be3 c5 7. d5 e6 8. Nec3 Re8 9. Be2 exd5 10. cxd5 a6 11. a4 h5 12. 0-0 Nh7 13. Na3 Nd7 14. Qd2 f5 15. Kh1 Ne5 16. Rae1 b6 17. h3 Ra7 18. Bd1 Nf7 19. Bc2 Rae7 20. exf5 gxf5 21. Bf2 Rxe1 22. Rxe1 Bh6 23. Qd1 Nf8 24. Rxe8 Qxe8 25. Qb1 f4 26. Ne4 Bg7 27. b4 Bf5 28. bxc5 bxc5 29. Nxd6 Nxd6 30. Bxf5 Nxf5 31. Qxf5 Qxa4 32. Bxc5 Nd7 33. Bd6 Nf6 34. Kh2 Qd4 35. Qe6+ Kh7 36. Qf5+ Kg8 37. Nc2 Qxd5 38. Qc8+ Kh7 39. Qxa6 h4 40. Be7 Qg5 41. Qd3+ Kh8 42. Kh1 Qe5 43. Bd6 Qg5 44. Bc7 Nd5 45. Ba5 Ne3 46. Nxe3 fxe3 47. Be1 Be5 48. Qe4 Bg3 49. Bc3+ Kg8 50. Qe8+ Kh7 51. Qf7+ Kh6 52. Bf6 Qg6 53. Qf8+ Kh5 54. Qc5+ Kh6 55. Qxe3+ Kh7 56. Qe7+ Kg8 57. Qe6+ Kh7 58. Qe4 Bf2 59. Qxg6+ Kxg6 60. Be5 Kf5 61. Bh2 Kg5 62. Bg1 Be1 63. Be3+ Kf5 64. Kg1 Bc3 65. Kf1 Bf6 66. Ke2 Bg7 67. Kd3 Bf6 68. Kc4 Ke6 69. Bd2 Be5 70. Bg5 Bg3 71. Kd4 Kf5 72. Bd2 Bf2+ 73. Kd5 Bg3 74. Be3 Be5 75. Bf2 Bf6 76. Kd6 Bg5 77. Kd7 Bf6 78. Be3 Bc3 79. Ke7 Bb2 80. Kf7 Bc3 81. Bf2 Bf6 82. Be1 Bd8 83. Bf2 Bf6 84. Bc5 Be5 85. Be7 Bg3 86. Kg7 Kf4 87. Kg6 1-0

[Event "DEN-ch"]
[Site "Svendborg"]
[Date "2016.03.19"]
[Round "1"]
[White "Mikkelsen, Nikolaj"]
[Black "Hansen, Sune Berg"]
[Result "1/2-1/2"]
[WhiteElo "2473"]
[BlackElo "2578"]
[PlyCount "56"]
[EventDate "2016.03.19"]
[EventType "tourn"]
[EventRounds "9"]
[EventCountry "DEN"]
[EventCategory "10"]
[SourceTitle "CBM 171 Extra"]
[Source "ChessBase"]
[SourceDate "2016.04.26"]
[SourceVersion "1"]
[SourceVersionDate "2016.04.26"]
[SourceQuality "1"]

1. e4 e6 2. d4 d5 3. Nd2 dxe4 4. Nxe4 Nd7 5. Nf3 Ngf6 6. Nxf6+ Nxf6 7. Be3 Bd6 8. Bc4 a6 9. a4 b6 10. 0-0 Bb7 11. Re1 0-0 12. Ne5 c5 13. Bg5 h6 14. Bh4 cxd4 15. Qxd4 Bc5 16. Qd3 Qxd3 17. Bxd3 Rfd8 18. Be2 Rac8 19. c3 g5 20. Bg3 Kg7 21. Nd3 Bd6 22. Bxd6 Rxd6 23. a5 b5 24. Red1 Bd5 25. Nb4 Rcd8 26. Kf1 Kf8 27. Nxd5 Nxd5 28. Ke1 Ke7 1/2-1/2

[Event "DEN-chT 1516 54th"]
[Site "Denmark"]
[Date "2015.12.06"]
[Round "3"]
[White "Mikkelsen, Nikolaj"]
[Black "Vinter Schou, Uffe"]
[Result "1-0"]
[WhiteElo "2462"]
[BlackElo "2374"]
[PlyCount "119"]
[EventDate "2015.10.31"]
[EventType "team-tourn"]
[EventRounds "9"]
[EventCountry "DEN"]
[SourceTitle "CBM 170 Extra"]
[Source "ChessBase"]
[SourceDate "2016.02.25"]
[SourceVersion "1"]
[SourceVersionDate "2016.02.25"]
[SourceQuality "1"]
[WhiteTeam "Philidor"]
[BlackTeam "Aarhus/Skolerne"]
[WhiteTeamCountry "DEN"]
[BlackTeamCountry "DEN"]

1. e4 e5 2. Nf3 Nc6 3. Bb5 a6 4. Ba4 Nf6 5. 0-0 Be7 6. d3 b5 7. Bb3 d6 8. a4 Bd7 9. c3 0-0 10. Nbd2 Na5 11. Bc2 c5 12. Re1 Re8 13. Nf1 h6 14. h3 Bf8 15. Ne3 Nc6 16. Nh2 Be6 17. Nhg4 Nh7 18. Bb3 h5 19. Nh2 g6 20. Bxe6 fxe6 21. Nc2 Bg7 22. Be3 Qe7 23. Qd2 d5 24. exd5 exd5 25. b4 cxb4 26. cxb4 Qf6 27. Bc5 Ng5 28. Ne3 Rad8 29. axb5 axb5 30. Ra6 Re6 31. Rb6 d4 32. Nef1 Kh8 33. Ng3 Ne7 34. Bxe7 Qxe7 35. Rxb5 Rc6 36. Rc1 Bh6 37. Kh1 Nf7 38. Qxh6+ Nxh6 39. Rxc6 Qf7 40. Nf3 Qa2 41. Rxg6 Nf7 42. Nxe5 Nxe5 43. Rxe5 Rd5 44. Rxd5 Qxd5 45. Ne4 h4 46. Rh6+ Kg7 47. Rxh4 Qb3 48. Rg4+ Kf8 49. Rg3 Qxb4 50. Rf3+ Kg7 51. g3 Qe1+ 52. Kg2 Qe2 53. Nd6 Qe5 54. Nf5+ Kg6 55. Rf4 Qd5+ 56. Kh2 Qb3 57. Nh4+ Kh5 58. Rxd4 Qd1 59. Kg2 Qe2 60. Nf3 1-0

[Event "SWE-chT 1516"]
[Site "Sweden"]
[Date "2015.11.06"]
[Round "1"]
[White "Mikkelsen, Nikolaj"]
[Black "Nikcevic, Nebojsa"]
[Result "1/2-1/2"]
[WhiteElo "2462"]
[BlackElo "2413"]
[PlyCount "111"]
[EventDate "2015.11.06"]
[EventType "team-tourn"]
[EventRounds "9"]
[EventCountry "SWE"]
[SourceTitle "EXT 2018"]
[Source "ChessBase"]
[SourceDate "2017.10.13"]
[SourceVersion "1"]
[SourceVersionDate "2017.10.13"]
[SourceQuality "1"]
[WhiteTeam "Eksjo"]
[BlackTeam "Farsta"]
[WhiteTeamCountry "SWE"]
[BlackTeamCountry "SWE"]

1. e4 e5 2. Nf3 Nf6 3. Nxe5 d6 4. Nf3 Nxe4 5. Bd3 Nf6 6. 0-0 Be7 7. c3 c5 8. Bc2 Nc6 9. h3 Be6 10. d4 h6 11. Re1 Qd7 12. Qd3 c4 13. Qf1 b5 14. Nbd2 0-0 15. a4 a6 16. axb5 axb5 17. Rxa8 Rxa8 18. g4 Nd5 19. Ne4 f5 20. gxf5 Bxf5 21. Kh2 Ra1 22. Bd2 Rxe1 23. Nxe1 Nf6 24. Qg2 Bxe4 25. Bxe4 Nxe4 26. Qxe4 d5 27. Qf3 Bd6+ 28. Bf4 Ne7 29. Bg3 Qe6 30. Ng2 g5 31. Ne3 Kg7 32. Kg2 Bxg3 33. fxg3 h5 34. Kh2 Kg6 35. Kg2 Qf6 36. Qd1 Kh6 37. Qe2 Kg6 38. Qd1 Qf7 39. Qe2 Qe6 40. Qf3 Qf7 41. Qe2 Kf6 42. Nc2 Qe6 43. Qxh5 Nf5 44. Qf3 Kg6 45. Kf2 Nd6 46. Kg2 Nf5 47. Kh2 Kh6 48. Qf2 Qe4 49. Ne1 b4 50. Nf3 b3 51. Ne5 Qc2 52. Kg1 Qb1+ 53. Kh2 Qc2 54. Kg1 Qb1+ 55. Kh2 Qc2 56. Kg1 1/2-1/2

[Event "Kolding Sondex Cup Gp1"]
[Site "Kolding"]
[Date "2015.04.18"]
[Round "2"]
[White "Glud, Jakob Vang"]
[Black "Mikkelsen, Nikolaj"]
[Result "1/2-1/2"]
[WhiteElo "2527"]
[BlackElo "2457"]
[PlyCount "53"]
[EventDate "2015.04.17"]
[EventType "tourn"]
[EventRounds "5"]
[EventCountry "DEN"]
[EventCategory "9"]
[SourceTitle "EXT 2018"]
[Source "ChessBase"]
[SourceDate "2017.10.13"]
[SourceVersion "1"]
[SourceVersionDate "2017.10.13"]
[SourceQuality "1"]

1. c4 g6 2. g3 Bg7 3. Bg2 d6 4. Nc3 Nc6 5. e4 e5 6. Nge2 Nge7 7. d3 Be6 8. 0-0 0-0 9. Nd5 Qd7 10. Be3 f5 11. f3 Rf7 12. Qd2 Raf8 13. Rac1 Nc8 14. exf5 Bxf5 15. d4 Bh3 16. b3 Bxg2 17. Kxg2 exd4 18. Nxd4 Nxd4 19. Bxd4 Bxd4 20. Qxd4 Nb6 21. Nxb6 axb6 22. Rce1 b5 23. cxb5 Qxb5 24. Re3 Re8 25. Rfe1 Rxe3 26. Rxe3 Qd7 27. h4 1/2-1/2

[Event "Copenhagen Challenge"]
[Site "Ballerup"]
[Date "2014.05.18"]
[Round "8"]
[White "Ochsner, Bjorn Moller"]
[Black "Mikkelsen, Nikolaj"]
[Result "1/2-1/2"]
[WhiteElo "2307"]
[BlackElo "2430"]
[PlyCount "93"]
[EventDate "2014.05.14"]
[EventType "swiss"]
[EventRounds "9"]
[EventCountry "DEN"]
[SourceTitle "CBM 160 Extra"]
[Source "ChessBase"]
[SourceDate "2014.07.01"]
[SourceVersion "1"]
[SourceVersionDate "2014.07.01"]
[SourceQuality "1"]

1. e4 c5 2. Nf3 d6 3. d4 cxd4 4. Nxd4 Nf6 5. Nc3 g6 6. Be3 Bg7 7. f3 0-0 8. Qd2 Nc6 9. 0-0-0 d5 10. Qe1 Re8 11. Bb5 Bd7 12. exd5 Nxd4 13. Bxd4 Bxb5 14. Nxb5 Qxd5 15. Nc7 Qxa2 16. Nxe8 Rxe8 17. Rd3 Bh6+ 18. Be3 Bxe3+ 19. Rxe3 Qa1+ 20. Kd2 Qxb2 21. Rd3 Qb5 22. Kc1 Kg7 23. Rb3 Qg5+ 24. Qd2 Qe5 25. Qc3 Qg5+ 26. Qd2 Qe5 27. Kb1 Rc8 28. Re1 Qc5 29. Rd1 b6 30. Rb2 Rc7 31. Qb4 Nd5 32. Qd4+ Qxd4 33. Rxd4 Ne3 34. g3 Nf5 35. Rd3 Nd6 36. Kc1 Kf6 37. Rbb3 Nb7 38. Rbc3 Nc5 39. Rd8 e6 40. Ra8 h5 41. Ra3 a6 42. Rb8 Nd7 43. Rd8 Ke7 44. Rh8 Nc5 45. Rb8 Nd7 46. Rh8 Nc5 47. Rb8 1/2-1/2